| 000 | 00487nam a2200181Ia 4500 | ||
|---|---|---|---|
| 003 | PILC | ||
| 005 | 20160129102331.0 | ||
| 008 | 140529s9999 xx 000 0 und d | ||
| 020 | _a9780415618717 | ||
| 050 |
_aBC 50 _b.St8 2011 |
||
| 100 | _aStrawson, P. F. | ||
| 245 |
_aIntroduction to logical theory / _cP.F. Strawson |
||
| 260 |
_aAbingdon, Oxon : _bRoutledge, _c2011. |
||
| 300 |
_a266 pages ; _c20 cm. |
||
| 500 | _aIncludes index. | ||
| 942 |
_kFOR _cBK _2lcc |
||
| 999 |
_c117664 _d117664 |
||